| 000 | 01333cam a22003615i 4500 | ||
|---|---|---|---|
| 999 |
_c28521 _d28492 |
||
| 001 | 016627989 | ||
| 003 | EG-ScBUE | ||
| 005 | 20200719163804.0 | ||
| 006 | m||||fq||z 0| 0 | ||
| 008 | 140206r20182014enka f 000 0 eng d | ||
| 020 | _a9781107650527 (Teacher's book with DVD) | ||
| 040 |
_aStDuBDS _beng _erda _cStDuBDS _dUk _dEG-ScBUE |
||
| 082 | 0 | 4 |
_a428.34 _bDAY _222 |
| 100 | 1 |
_aDay, Jeremy, _eauthor. |
|
| 245 | 1 | 0 |
_aUnlock : _plistening & speaking skills. _n4, _pTeacher's book with DVD / _cJeremy Day. |
| 250 | _aReprinted edition. | ||
| 264 | 1 |
_aCambridge : _bCambridge University Press, _c2018. |
|
| 300 |
_a126 pages ; _c27 cm + _e1 DVD. |
||
| 336 |
_atext _btxt _2rdacontent |
||
| 336 |
_atwo-dimensional moving image _btxt _2rdacontent |
||
| 337 |
_aunmediated _bn _2rdamedia |
||
| 337 |
_avideo _bn _2rdamedia |
||
| 338 |
_avolume _bnc _2rdacarrier |
||
| 338 |
_avideodisc _bnc _2rdacarrier |
||
| 490 | 0 | _aCambridge discovery education skills | |
| 500 | _aFirst published 2014. | ||
| 650 | 7 |
_aEnglish language _xStudy and teaching _xForeign speakers. _2BUEsh |
|
| 650 | 7 |
_aEnglish language _xSpoken English _xStudy and teaching. _2BUEsh |
|
| 650 | 7 |
_aEnglish language _xStudy and teaching _xForeign speakers _xAudio-visual aids. _2BUEsh |
|
| 653 |
_bHHUUEENN _cJuly2020 |
||
| 655 |
_vReading book _934232 |
||
| 942 |
_2ddc _cBB |
||